[Event "COL-ch U1700"]
[Site "Pereira"]
[Date "2019.03.25"]
[Round "8"]
[White "Rodriguez Valencia, Sebastian"]
[Black "Mosquera, Anibal"]
[Result "1-0"]
[WhiteElo "1666"]
[BlackElo "1673"]
[PlyCount "143"]
[EventDate "2019.03.21"]
[EventType "swiss"]
[EventRounds "9"]
[EventCountry "COL"]
[SourceTitle "CBM 189 Extra"]
[Source "ChessBase"]
[SourceDate "2019.06.03"]
[SourceVersion "1"]
[SourceVersionDate "2019.06.03"]
[SourceQuality "1"]

1. d4 Nc6 2. Nf3 d5 3. Bf4 Nf6 4. h3 Ne4 5. e3 e6 6. Nbd2 Bd6 7. Ne5 Bxe5 8. dxe5 Nxd2 9. Qxd2 g5 10. Bg3 Bd7 11. 0-0-0 Qe7 12. a3 0-0-0 13. Qc3 Nb8 14. f4 h6 15. Be2 Bc6 16. Qd4 b6 17. h4 Bb7 18. fxg5 hxg5 19. Qg4 Rhg8 20. hxg5 c5 21. Bh4 Rg6 22. Bd3 Nc6 23. Qf4 Rdg8 24. Bxg6 Rxg6 25. Rhf1 Nd8 26. Qg4 Ba6 27. Rf6 Bb5 28. Qh5 Be8 29. Qe2 Qc7 30. Rxg6 fxg6 31. Bg3 Nc6 32. Qg4 Qf7 33. c4 d4 34. exd4 Nxd4 35. Be1 Ba4 36. Rxd4 cxd4 37. Qf3 Qxf3 38. gxf3 Bb3 39. Bf2 d3 40. c5 b5 41. Kd2 Bc2 42. Kc3 a5 43. Be1 Kc7 44. Kd4 a4 45. f4 Kc6 46. Bd2 Kc7 47. f5 exf5 48. e6 Bd1 49. Ke5 Bf3 50. Kf6 Kd8 51. Kxg6 Ke7 52. Kxf5 Bd5 53. Ke5 Bxe6 54. c6 Bc4 55. Bb4+ Kd8 56. Kd6 Bf7 57. Ba5+ Kc8 58. Kc5 Bc4 59. g6 Kb8 60. Kd6 Kc8 61. Ke7 b4 62. Bxb4 Kc7 63. Kf8 Kxc6 64. g7 Kb5 65. g8Q Bxg8 66. Kxg8 Kc4 67. Kf7 Kb3 68. Bc3 Kc2 69. Ke6 d2 70. Bxd2 Kxd2 71. Kd5 Kc2 72. Kc4 1-0

[Event "Pereira Forero Cup 2nd"]
[Site "Pereira"]
[Date "2015.04.19"]
[Round "4"]
[White "Hernandez, Cristian Andres"]
[Black "Mosquera, Anibal"]
[Result "1-0"]
[WhiteElo "2240"]
[BlackElo "1608"]
[PlyCount "59"]
[EventDate "2015.04.17"]
[EventType "swiss"]
[EventRounds "5"]
[EventCountry "COL"]
[SourceTitle "CBM 166 Extra"]
[Source "ChessBase"]
[SourceDate "2015.06.18"]
[SourceVersion "1"]
[SourceVersionDate "2015.06.18"]
[SourceQuality "1"]

1. d4 Nc6 2. Nf3 e6 3. c4 Nf6 4. Nc3 Bb4 5. Bg5 d5 6. e3 h6 7. Bh4 g5 8. Bg3 Ne4 9. Qc2 h5 10. h4 g4 11. Ng1 Bxc3+ 12. bxc3 Nxg3 13. fxg3 Bd7 14. Bd3 Qe7 15. Ne2 Na5 16. cxd5 exd5 17. 0-0 Qxe3+ 18. Kh2 0-0-0 19. Nf4 Qe7 20. Nxd5 Qd6 21. Nf6 Be6 22. Qa4 b6 23. Rab1 c6 24. Ba6+ Kc7 25. Qxa5 bxa5 26. Rb7+ Kc8 27. Rfb1 c5 28. Rb8+ Kc7 29. R1b7+ Kc6 30. Bb5# 1-0

[Event "Coliseo Menor op"]
[Site "Coliseo Menor"]
[Date "2011.12.05"]
[Round "3"]
[White "Mosquera, Anibal"]
[Black "Pelaez, Hernan"]
[Result "0-1"]
[WhiteElo "1698"]
[BlackElo "1898"]
[PlyCount "59"]
[EventDate "2011.11.29"]
[EventType "swiss"]
[EventRounds "7"]
[EventCountry "COL"]
[SourceTitle "CBM 145 Extra"]
[Source "ChessBase"]
[SourceDate "2012.01.03"]
[SourceVersion "1"]
[SourceVersionDate "2012.01.03"]
[SourceQuality "1"]

1. e4 g6 2. Nc3 Bg7 3. Bc4 c6 4. a3 d6 5. d3 Nh6 6. h3 Nd7 7. Be3 Ne5 8. Bb3 Be6 9. Qd2 Ng8 10. d4 Nc4 11. Bxc4 Bxc4 12. Nge2 Nf6 13. Ng3 h5 14. b3 Ba6 15. f3 h4 16. Nge2 Nh5 17. 0-0 e5 18. d5 Nf4 19. dxc6 bxc6 20. Rfd1 Qg5 21. Nxf4 exf4 22. Bxf4 Qc5+ 23. Be3 Qxc3 24. Qxc3 Bxc3 25. Rab1 Ke7 26. Kf2 Ba5 27. c4 Bb6 28. Rd3 Rab8 29. Rbd1 Bxe3+ 30. Kxe3 0-1